01477agaaa2200313 45000010005000000030009000050050017000140070009000310080040000400400023000800410013001031000050001161300012001662400021001782450175001992460014003742500022003882600107004103000035005175080161005525110088007135200088008015380009008895460013008986500071009117000058009827000061010407000062011010902IT-RoPAU20220918181223.0d cvaizq50131s9999||||xx ||| | || ||und|| aIT-RoPAUcIT-RoPAU aITALIANO aTarkovskij AndrejgCodice regista SPICS: 1652 aSOLARIS aSOLIJARISgT1248 aSOLARIScProdotto da: Torasov Vjaceslav -- Sceneggiatura: Tarkovskij Andrej Gorenstein F. -- Diretto da: Tarkovskij AndrejpSOLARIS (Rif. Codice opera principale : V0902) aSOLIJARIS aEdizione Standard aURSS (U.R.S.S.)bMOSFILM / Distribuzione: SPF FIRENZEg"1972 (1° ed.: 1993 ; Ed. Lingua Orig.: 1972)" a16MMbsonoro, col.c115 minuti a"Fotografia: Jusov Vadim; Montaggio: Fejghinova L.; Musica: Artemjev Eduard; Sceneggiatura: Tarkovskij Andrej Gorenstein F.; Scenografia: Romadin Mikhail; " a"Bondarciuk Natalia; Babionis Donatas; Jarvet Jurij; Solonicyn Anatolij; Grinko N." aFILM A COLORI. PELLICOLA IN BUONO STATO. PER TRAMA VEDERE VIDEOCASSETTA:9960/21603. aMONO aITALIANO aFANTASCIENZAePELLICOLE CINEMA [16 MM]xCodice MATERIA SPICS: 9955 aArtemjev Eduarde(musica)gCodice Musica SPICS: 22987 aLem Stanislaw e(soggetto)gCodice Soggetto SPICS: 20101 aTarkovskij Andrej e(regista)gCodice regista SPICS: 1652